| 000 | 00878nam a22002537a 4500 | ||
|---|---|---|---|
| 001 | BR8500751 | ||
| 003 | BR-BrBNA | ||
| 005 | 20230928092051.0 | ||
| 007 | ta | ||
| 008 | 230509b bl.||||| |||| 00| 0 por d | ||
| 040 |
_aBR-BrBNA _bpor _cBiblioteca Nacional de Agricultura |
||
| 041 | _a(Por) | ||
| 072 |
_aL70 _b/G514 |
||
| 090 | _ L70 BR8500751 | ||
| 110 | 1 |
_aFaculdade de Ciencias Agrarias e Veterinarias "Campus" de Jaboticabal, SP (Brasil) _94478 |
|
| 111 | 1 |
_a9. Encontro de Pesquisas Veterinarias _cJaboticabal, SP (Brazil) _d8-9 Nov 1984 |
|
| 245 | 1 | _aResumos do 9. Encontro de Pesquisas Veterinarias [Jaboticabal, Brasil] | |
| 246 | 1 | _a[Abstracts of the 9. Meeting of Veterinary Research [Jaboticabal, Brazil]] | |
| 260 | 3 |
_aJaboticabal, SP (Brasil): _c1984. |
|
| 300 | _a85 p. | ||
| 650 | _aVETERINARIA | ||
| 909 |
_a202309 _bLucia _c55 _dLucia Elande |
||
| 942 | _cBK | ||
| 999 |
_c36976 _d36976 |
||